[Event "aut_ychb12_2008"]
[Site "Wien - JGH Brigittenau"]
[Date "2008.05.11"]
[Round "3.8"]
[White "Gassner, Mathias"]
[Black "Nagler, Wachtang"]
[Result "1-0"]
[WhiteElo "1481"]
[BlackElo "1544"]
[PlyCount "77"]
[EventDate "2008.05.10"]

1. c4 c5 2. Nc3 Nc6 3. g3 g6 4. Bg2 Bg7 5. Nf3 Nf6 6. O-O O-O 7. d3 d6 8. a3 a6
9. Rb1 Rb8 10. b4 cxb4 11. axb4 b5 12. cxb5 axb5 13. Bd2 Bd7 14. Qc2 Qc7 15.
Rfc1 Rfc8 16. e3 e6 17. Ne2 e5 18. e4 Rb7 19. Be3 Ng4 20. Bg5 Nf6 21. h3 h6 22.
Be3 d5 23. Bc5 dxe4 24. dxe4 Nh7 25. Rd1 f5 26. Nd2 fxe4 27. Nxe4 Bf5 28. Qb3+
Kh8 29. Bd6 Qb6 30. Bc5 Qc7 31. Bd6 Qd8 32. Bxe5 Qg8 33. Qxg8+ Kxg8 34. Bxg7
Kxg7 35. Nd6 Bxb1 36. Nxc8 Bc2 37. Rc1 Nd4 38. Nxd4 Rd7 39. Nxc2 1-0

[Event "aut_ychb12_2008"]
[Site "Wien - JGH Brigittenau"]
[Date "2008.05.11"]
[Round "3.9"]
[White "Piwonka, Thomas"]
[Black "Liao, Kenny"]
[Result "1/2-1/2"]
[WhiteElo "1276"]
[BlackElo "1421"]
[PlyCount "24"]
[EventDate "2008.05.10"]

1. d4 d5 2. c4 c6 3. Nc3 e6 4. Nf3 Nf6 5. Bg5 Nbd7 6. e3 h6 7. Bf4 b6 8. cxd5
exd5 9. Qd2 Be7 10. Be2 Bb7 11. Rd1 Rg8 12. Ne5 g5 1/2-1/2

[Event "aut_ychb12_2008"]
[Site "Wien - JGH Brigittenau"]
[Date "2008.05.11"]
[Round "3.10"]
[White "Froehlich, Andreas"]
[Black "Wieland, Thomas"]
[Result "1-0"]
[WhiteElo "1393"]
[BlackElo "1346"]
[PlyCount "87"]
[EventDate "2008.05.10"]

1. e4 e5 2. Nf3 Nc6 3. Bb5 d6 4. d3 Nf6 5. Bg5 Be7 6. O-O Bg4 7. Nbd2 O-O 8. h3
Bh5 9. c3 a6 10. Bxc6 bxc6 11. Qc2 Qd7 12. d4 Qe6 13. g4 Bg6 14. Rfe1 Rfd8 15.
Qa4 c5 16. d5 Qd7 17. Qxd7 Rxd7 18. Nh4 Nxe4 19. Nxe4 Bxe4 20. Bxe7 Bxd5 21.
Bg5 f6 22. Be3 Rb8 23. b3 Be6 24. Rad1 c4 25. b4 c6 26. Ng2 d5 27. Bc5 Rb5 28.
Re2 h5 29. Ne3 hxg4 30. hxg4 Rb8 31. a3 Rbd8 32. Red2 Kf7 33. Kh2 Kg6 34. Kg3
Kg5 35. Ng2 Bxg4 36. Be3+ Kf5 37. Nh4+ Ke4 38. Kxg4 d4 39. f3+ Kd5 40. cxd4
exd4 41. Rxd4+ Ke6 42. Rxd7 Rxd7 43. Rxd7 Kxd7 44. Kf5 1-0

[Event "aut_ychb12_2008"]
[Site "Wien - JGH Brigittenau"]
[Date "2008.05.11"]
[Round "4.1"]
[White "Kessler, Luca"]
[Black "Halvax, Alexander"]
[Result "1-0"]
[WhiteElo "1827"]
[BlackElo "1544"]
[PlyCount "59"]
[EventDate "2008.05.10"]

1. e4 e5 2. Nf3 Nf6 3. Nc3 d6 4. d4 exd4 5. Nxd4 Be7 6. Be2 Bd7 7. O-O O-O 8.
Be3 Nc6 9. f4 Re8 10. Bf3 Nxd4 11. Bxd4 Bc6 12. Qd2 Nd7 13. Rae1 Bf6 14. Bf2
Nb6 15. b3 Bxc3 16. Qxc3 Bb5 17. Be2 Bc6 18. Bd3 Qd7 19. Bd4 f6 20. a4 a5 21.
Rf3 Re7 22. Rg3 Kh8 23. h4 Rf7 24. h5 h6 25. Rg6 Kh7 26. Bxb6 cxb6 27. e5 dxe5
28. fxe5 Qe7 29. exf6 Qf8 30. fxg7 1-0

[Event "aut_ychb12_2008"]
[Site "Wien - JGH Brigittenau"]
[Date "2008.05.11"]
[Round "4.2"]
[White "Menezes, Christoph"]
[Black "Huber, Martin Christian"]
[Result "1/2-1/2"]
[WhiteElo "1776"]
[BlackElo "1686"]
[PlyCount "38"]
[EventDate "2008.05.10"]

1. d4 d5 2. c4 dxc4 3. Nf3 Nf6 4. e3 e6 5. Bxc4 c5 6. O-O a6 7. a4 cxd4 8. exd4
Nc6 9. Nc3 Be7 10. Bg5 O-O 11. Rc1 Qb6 12. Qd2 Na5 13. Ba2 Nb3 14. Bxb3 Qxb3
15. Ne5 Nd5 16. Bxe7 Nxe7 17. Rfd1 Nd5 18. Nxd5 Qxd5 19. Qe3 Bd7 1/2-1/2

[Event "aut_ychb12_2008"]
[Site "Wien - JGH Brigittenau"]
[Date "2008.05.11"]
[Round "4.3"]
[White "Sauer, Jakob"]
[Black "Berger, Tobias"]
[Result "1-0"]
[WhiteElo "1611"]
[BlackElo "1446"]
[PlyCount "91"]
[EventDate "2008.05.10"]

1. e4 c5 2. c3 d5 3. exd5 Qxd5 4. d4 e6 5. Nf3 Nf6 6. Be3 cxd4 7. cxd4 Be7 8.
Bd3 O-O 9. O-O Nc6 10. Nc3 Qd6 11. Qd2 Nb4 12. Bc4 Nbd5 13. Ne5 b6 14. Nd3 Bb7
15. Nf4 Nxf4 16. Bxf4 Qc6 17. d5 Qxc4 18. d6 Qc6 19. f3 Bd8 20. Rac1 Nd5 21.
Ne4 Qd7 22. Bg3 f5 23. Nc3 f4 24. Nxd5 fxg3 25. Ne3 gxh2+ 26. Kxh2 Bd5 27. Qb4
Bf6 28. Ng4 Rad8 29. Kh1 Qxd6 30. Qe1 Bxb2 31. Rc2 Bf6 32. Qf2 Rc8 33. Nxf6+
gxf6 34. Rfc1 Rxc2 35. Rxc2 Qb8 36. Qh4 Rc8 37. Rxc8+ Qxc8 38. Qxf6 Qe8 39.
Qg5+ Qg6 40. Qd8+ Kg7 41. Qe7+ Qf7 42. Qg5+ Qg6 43. Qe7+ Kh6 44. Qf8+ Kh5 45.
Qf4 Qh6 46. Qg4# 1-0

[Event "aut_ychb12_2008"]
[Site "Wien - JGH Brigittenau"]
[Date "2008.05.11"]
[Round "4.4"]
[White "Hofer, Emilian"]
[Black "Penz, Florian"]
[Result "0-1"]
[WhiteElo "1603"]
[BlackElo "1608"]
[PlyCount "162"]
[EventDate "2008.05.10"]

1. e4 c5 2. Nf3 Nc6 3. d4 cxd4 4. Nxd4 e5 5. Nb5 d6 6. N1c3 a6 7. Na3 b5 8. Nd5
Nf6 9. Bg5 Be7 10. Bxf6 Bxf6 11. c3 Bg5 12. Nc2 O-O 13. h4 Bh6 14. a4 bxa4 15.
Rxa4 a5 16. Bc4 Rb8 17. b3 Kh8 18. Nce3 f5 19. exf5 Bxe3 20. Nxe3 Bxf5 21. Nxf5
Rxf5 22. Bd3 Rf6 23. Be4 Ne7 24. c4 Qb6 25. O-O Rf4 26. Bc2 Rbf8 27. Qd2 Nc6
28. Qd3 e4 29. Qd2 e3 30. Qd3 exf2+ 31. Kh2 Rxh4+ 32. Kg3 Qd4 33. Qxd4 Rxd4 34.
Raa1 Nb4 35. Rac1 Nxc2 36. Rxc2 Rd3+ 37. Kg4 Rxb3 38. Rcxf2 Rxf2 39. Rxf2 Kg8
40. Ra2 Rb4 41. Rxa5 Rxc4+ 42. Kf3 Kf7 43. Rd5 Ke6 44. Ra5 Rc3+ 45. Kg4 Rc4+
46. Kf3 d5 47. Ra8 Rc3+ 48. Kf4 Rc4+ 49. Kf3 Rc1 50. Ke3 Rc2 51. g3 Rc3+ 52.
Kf2 Ke5 53. Re8+ Kf6 54. Rd8 Rd3 55. Ke2 Rd4 56. Ke3 Rd1 57. Ke2 Ke7 58. Rg8
Kf7 59. Rd8 Rg1 60. Kf2 Rd1 61. Ke2 Rd4 62. Ke3 Rg4 63. Kf3 Rg5 64. Kf4 Ke7 65.
Ra8 h6 66. Ra7+ Kd6 67. Ra6+ Kc5 68. Ra8 Kc4 69. Rc8+ Kd3 70. Ra8 d4 71. Ra3+
Kc2 72. Ra2+ Kb3 73. Rd2 Kc3 74. Ra2 d3 75. Ra3+ Kd2 76. Ra2+ Ke1 77. Ra1+ Ke2
78. Ra2+ d2 79. Ra3 d1=Q 80. Rd3 Qxd3 81. g4 Qf3# 0-1

[Event "aut_ychb12_2008"]
[Site "Wien - JGH Brigittenau"]
[Date "2008.05.11"]
[Round "4.5"]
[White "Schamberger, Maximilian"]
[Black "Guetz, Wolfgang"]
[Result "0-1"]
[WhiteElo "1391"]
[BlackElo "1443"]
[PlyCount "44"]
[EventDate "2008.05.10"]

1. e4 d5 2. exd5 Nf6 3. Bb5+ Bd7 4. Bc4 Bg4 5. Ne2 Nxd5 6. h3 Bh5 7. O-O Nc6 8.
Qe1 Qd7 9. Nbc3 e6 10. Nxd5 exd5 11. Nf4+ Be7 12. Bxd5 Bg6 13. Nxg6 hxg6 14.
Bf3 O-O-O 15. Qe3 Kb8 16. Qc3 Bf6 17. Qa3 Rh7 18. d3 Rdh8 19. Bg4 Qxg4 20. f3
Qg3 21. Rf2 Bd4 22. Bf4 Qxf2+ 0-1

[Event "aut_ychb12_2008"]
[Site "Wien - JGH Brigittenau"]
[Date "2008.05.11"]
[Round "4.6"]
[White "Kreiner, Stefan"]
[Black "Gassner, Mathias"]
[Result "0-1"]
[WhiteElo "1444"]
[BlackElo "1481"]
[PlyCount "109"]
[EventDate "2008.05.10"]

1. e4 e5 2. Nf3 Nc6 3. Bc4 Bc5 4. b4 Bxb4 5. c3 Be7 6. d4 Na5 7. Nxe5 Nxc4 8.
Nxc4 d5 9. Ne5 dxe4 10. Qa4+ c6 11. O-O Nf6 12. Qc2 O-O 13. Nd2 Bf5 14. f3 exf3
15. Qxf5 fxg2 16. Rf2 Qc8 17. Qxc8 Raxc8 18. Rxg2 Rfe8 19. Ndf3 Bf8 20. Ng5 Rc7
21. Ng4 Nxg4 22. Bf4 Rce7 23. Rxg4 h6 24. Nf3 Re4 25. h3 f5 26. Rh4 Be7 27. Bg3
Bxh4 28. Nxh4 f4 29. Bf2 g5 30. Nf5 R8e6 31. d5 cxd5 32. Bxa7 R6e5 33. Nd4 Re1+
34. Rxe1 Rxe1+ 35. Kf2 Ra1 36. Kf3 Rxa2 37. Bc5 Kf7 38. Nf5 Ra6 39. Nd6+ Ke6
40. Nxb7 h5 41. Nd8+ Kf5 42. Nf7 g4+ 43. Kg2 Ra2+ 44. Kh1 Ke4 45. Ng5+ Kd3 46.
hxg4 hxg4 47. Bd4 f3 48. Nf7 g3 49. Ne5+ Ke4 50. Nxf3 Kxf3 51. Bg1 Rc2 52. Bd4
Rc1+ 53. Bg1 Rxc3 54. Bd4 Rc1+ 55. Bg1 0-1

[Event "aut_ychb12_2008"]
[Site "Wien - JGH Brigittenau"]
[Date "2008.05.11"]
[Round "4.7"]
[White "Nussbaumer, Laslo"]
[Black "Froehlich, Andreas"]
[Result "1/2-1/2"]
[WhiteElo "1248"]
[BlackElo "1393"]
[PlyCount "88"]
[EventDate "2008.05.10"]

1. e4 e5 2. Nf3 Nf6 3. Nc3 Bc5 4. Nxe5 d6 5. Nf3 O-O 6. d3 Nc6 7. Bg5 h6 8. Bh4
Bb4 9. Qd2 Ne5 10. Nxe5 dxe5 11. Bxf6 Qxf6 12. a3 Ba5 13. b4 Bb6 14. Nd5 Qd6
15. Nxb6 Qxb6 16. Be2 Be6 17. O-O a5 18. bxa5 Rxa5 19. Rfb1 Qa7 20. Rxb7 Qxb7
21. Qxa5 Qb2 22. Re1 Qxc2 23. Qxe5 Qd2 24. Kf1 Kh7 25. a4 Ra8 26. a5 Qxa5 27.
Qxa5 Rxa5 28. d4 c6 29. Bd3 Ra4 30. d5 Bd7 31. e5+ g6 32. dxc6 Bxc6 33. e6 Kg7
34. e7 Be8 35. Re3 Ra7 36. Kg1 Kf6 37. g3 Rxe7 38. Rxe7 Kxe7 39. f3 f5 40. Kf2
Kf6 41. h3 g5 42. Ke3 Ke5 43. Be2 Bd7 44. f4+ Kf6 1/2-1/2

[Event "aut_ychb12_2008"]
[Site "Wien - JGH Brigittenau"]
[Date "2008.05.11"]
[Round "4.8"]
[White "Leonhartsberger, Simon"]
[Black "Piwonka, Thomas"]
[Result "0-1"]
[WhiteElo "1342"]
[BlackElo "1276"]
[PlyCount "70"]
[EventDate "2008.05.10"]

1. Nf3 Nf6 2. Nc3 g6 3. b3 d5 4. Bb2 Bg7 5. e3 O-O 6. g3 c5 7. Bg2 Nc6 8. Qe2
Re8 9. O-O-O e5 10. g4 e4 11. Ne1 Bxg4 12. f3 exf3 13. Bxf3 Bxf3 14. Nxf3 Ne4
15. h4 Nxc3 16. dxc3 d4 17. cxd4 cxd4 18. Rhe1 Rxe3 19. Qxe3 dxe3 20. Rxd8+
Rxd8 21. Bxg7 Kxg7 22. Rxe3 h6 23. Nd2 Rc8 24. Rc3 b5 25. Kd1 Ne7 26. Rf3 Nf5
27. Rf4 Ne3+ 28. Ke2 Nxc2 29. Ne4 Re8 30. Kf3 Ne1+ 31. Kg4 Ng2 32. Rf2 Rxe4+
33. Kf3 Rf4+ 34. Kxg2 Rxf2+ 35. Kxf2 Kf6 0-1

[Event "aut_ychb12_2008"]
[Site "Wien - JGH Brigittenau"]
[Date "2008.05.11"]
[Round "4.9"]
[White "Binder, Moriz"]
[Black "Nagler, Wachtang"]
[Result "1-0"]
[WhiteElo "1644"]
[BlackElo "1544"]
[PlyCount "67"]
[EventDate "2008.05.10"]

1. d4 Nf6 2. c4 g6 3. Nc3 Bg7 4. e4 d6 5. Nf3 O-O 6. Be2 b6 7. O-O Re8 8. Bg5
Bb7 9. Qc2 c5 10. d5 e6 11. Rad1 h6 12. Bh4 Qd7 13. Bg3 a5 14. dxe6 Rxe6 15. e5
Ne8 16. Nb5 Bf8 17. Qd2 Ba6 18. Nxd6 Nxd6 19. exd6 Nc6 20. Nh4 Rf6 21. h3 h5
22. Qg5 Bg7 23. b3 Nd4 24. Bd3 Rb8 25. Rfe1 Nf5 26. Bxf5 gxf5 27. Be5 Qe6 28.
Bxf6 Qxf6 29. Qxf6 Bxf6 30. Nxf5 b5 31. d7 Rd8 32. Re8+ Kh7 33. Rxd8 Bxd8 34.
Re1 1-0

[Event "aut_ychb12_2008"]
[Site "Wien - JGH Brigittenau"]
[Date "2008.05.11"]
[Round "4.10"]
[White "Liao, Kenny"]
[Black "Wieland, Thomas"]
[Result "0-1"]
[WhiteElo "1421"]
[BlackElo "1346"]
[PlyCount "72"]
[EventDate "2008.05.10"]

1. e4 e5 2. Nf3 Nc6 3. Nc3 Bc5 4. Bc4 Nf6 5. d3 d6 6. h3 Be6 7. Bb3 O-O 8. Be3
Qd7 9. Qd2 Rad8 10. g4 Rfe8 11. O-O-O Bxb3 12. cxb3 Ne7 13. g5 Nh5 14. Qe2 b5
15. Nxe5 Bxe3+ 16. fxe3 dxe5 17. Qxh5 Qc6 18. Kb1 Rd7 19. Rhf1 Ng6 20. Rc1 Qb6
21. Qf3 Red8 22. Rcd1 a6 23. Qf2 Qe6 24. d4 exd4 25. exd4 b4 26. d5 Qe5 27. Na4
Qxe4+ 28. Ka1 Qe7 29. Nc5 Rxd5 30. Rxd5 Rxd5 31. Re1 Rxc5 32. Kb1 Re5 33. Rc1
Rxg5 34. Qa7 Qe4+ 35. Rc2 Rg2 36. Qxc7 Rg1# 0-1

[Event "aut_ychb12_2008"]
[Site "Wien - JGH Brigittenau"]
[Date "2008.05.12"]
[Round "5.1"]
[White "Penz, Florian"]
[Black "Kessler, Luca"]
[Result "1-0"]
[WhiteElo "1608"]
[BlackElo "1827"]
[PlyCount "55"]
[EventDate "2008.05.10"]

1. d4 Nf6 2. Bg5 e6 3. e4 h6 4. Bxf6 Qxf6 5. Nc3 g6 6. Qd2 Bg7 7. O-O-O O-O 8.
e5 Qd8 9. f4 d6 10. Nf3 Nd7 11. Ne4 f5 12. Nf2 Qe7 13. Bc4 d5 14. Be2 c5 15.
dxc5 Nxc5 16. Nd4 Bd7 17. Nb3 Nxb3+ 18. axb3 a5 19. c4 Bc6 20. cxd5 Bxd5 21.
Bc4 Rfc8 22. Kb1 Bxc4 23. bxc4 Rxc4 24. Rc1 Rb4 25. Rhd1 g5 26. g3 a4 27. Nd3
Rd8 28. Qxb4 1-0

[Event "aut_ychb12_2008"]
[Site "Wien - JGH Brigittenau"]
[Date "2008.05.12"]
[Round "5.2"]
[White "Guetz, Wolfgang"]
[Black "Menezes, Christoph"]
[Result "0-1"]
[WhiteElo "1443"]
[BlackElo "1776"]
[PlyCount "42"]
[EventDate "2008.05.10"]

1. e4 c5 2. Nf3 d6 3. d4 cxd4 4. Nxd4 Nf6 5. Nc3 a6 6. Bc4 e6 7. O-O Be7 8. f4
O-O 9. Bb3 Nbd7 10. Re1 Qc7 11. Be3 b5 12. Bf2 Bb7 13. g4 b4 14. Na4 Nxe4 15.
f5 Nxf2 16. Kxf2 Bh4+ 17. Kg1 e5 18. Nf3 Bxe1 19. Nxe1 Qc6 20. Qe2 Qh1+ 21. Kf2
Qxh2+ 0-1

[Event "aut_ychb12_2008"]
[Site "Wien - JGH Brigittenau"]
[Date "2008.05.12"]
[Round "5.3"]
[White "Huber, Martin Christian"]
[Black "Sauer, Jakob"]
[Result "1/2-1/2"]
[WhiteElo "1686"]
[BlackElo "1611"]
[PlyCount "87"]
[EventDate "2008.05.10"]

1. d4 d5 2. c4 e6 3. Nc3 c6 4. cxd5 exd5 5. Qc2 Nf6 6. Nf3 Be7 7. Bg5 O-O 8. e3
Be6 9. Bd3 h6 10. Bh4 Nbd7 11. h3 Rc8 12. O-O c5 13. dxc5 Rxc5 14. Nd4 a6 15.
Bf5 Bxf5 16. Nxf5 Re8 17. Nxe7+ Qxe7 18. Qb3 b5 19. Rad1 Qe6 20. Rd4 g5 21. Bg3
Nb6 22. Rfd1 Qc6 23. e4 Nxe4 24. Nxe4 Rxe4 25. Rxe4 dxe4 26. Rd6 Qb7 27. Qe3
Na4 28. b3 Rc3 29. Qe1 Qe7 30. bxa4 Rxg3 31. Rxa6 Rd3 32. axb5 h5 33. Qe2 h4
34. Ra8+ Kg7 35. a4 Qe5 36. Qh5 Qa1+ 37. Kh2 Qe5+ 38. g3 hxg3+ 39. Kg2 Qc5 40.
Qh8+ Kg6 41. Rg8+ Kf5 42. Qh7+ Ke5 43. Re8+ Kf6 44. Qh6+ 1/2-1/2

[Event "aut_ychb12_2008"]
[Site "Wien - JGH Brigittenau"]
[Date "2008.05.12"]
[Round "5.4"]
[White "Halvax, Alexander"]
[Black "Gassner, Mathias"]
[Result "0-1"]
[WhiteElo "1544"]
[BlackElo "1481"]
[PlyCount "86"]
[EventDate "2008.05.10"]

1. e4 e5 2. Nf3 Nf6 3. Bc4 Bc5 4. Nc3 Nc6 5. d3 d6 6. Bg5 Bg4 7. h3 Be6 8. Bxe6
fxe6 9. Na4 Bb6 10. Nxb6 axb6 11. O-O O-O 12. d4 exd4 13. Nxd4 Qe8 14. Nxc6
bxc6 15. f3 h6 16. Bh4 Qg6 17. Qe2 Rf7 18. Qc4 Re8 19. Qxc6 Kf8 20. a4 Nh5 21.
a5 bxa5 22. Rxa5 Nf4 23. g3 Nxh3+ 24. Kh2 Ng5 25. f4 Qxe4 26. Qxe4 Nxe4 27. Re1
Nc5 28. b4 Nd7 29. Rea1 Nf6 30. Ra7 Rb8 31. Ra8 Rxa8 32. Rxa8+ Ke7 33. Ra7 Kd7
34. b5 Kc8 35. b6 Kb8 36. bxc7+ Rxc7 37. Rxc7 Kxc7 38. Bxf6 gxf6 39. Kh3 e5 40.
fxe5 fxe5 41. Kg4 Kc6 42. Kf3 Kd5 43. Ke3 Kc4 0-1

[Event "aut_ychb12_2008"]
[Site "Wien - JGH Brigittenau"]
[Date "2008.05.12"]
[Round "5.5"]
[White "Berger, Tobias"]
[Black "Binder, Moriz"]
[Result "1/2-1/2"]
[WhiteElo "1446"]
[BlackElo "1644"]
[PlyCount "75"]
[EventDate "2008.05.10"]

1. d4 d5 2. c4 c6 3. Nc3 Nf6 4. Nf3 e6 5. e3 Nbd7 6. Bd3 dxc4 7. Bxc4 b5 8. Bb3
a6 9. O-O c5 10. dxc5 Bxc5 11. Bc2 O-O 12. Ne4 Bb6 13. Nd6 Qe7 14. Nxc8 Raxc8
15. Bd2 Rfd8 16. Rc1 Nc5 17. Qe2 Nce4 18. Bxe4 Nxe4 19. Rxc8 Rxc8 20. Qd3 Nxd2
21. Qxd2 Qc7 22. h3 h6 23. a3 Qc2 24. Qxc2 Rxc2 25. Rb1 Kf8 26. Kf1 Ke7 27. Ke1
Ba5+ 28. b4 Bb6 29. Ra1 a5 30. Ne5 f6 31. Nd3 e5 32. Kd1 Rc4 33. Rc1 Rxc1+ 34.
Nxc1 Kd6 35. Kd2 Kd5 36. Kc3 a4 37. Ne2 f5 38. Ng3 1/2-1/2

[Event "aut_ychb12_2008"]
[Site "Wien - JGH Brigittenau"]
[Date "2008.05.12"]
[Round "5.6"]
[White "Piwonka, Thomas"]
[Black "Hofer, Emilian"]
[Result "0-1"]
[WhiteElo "1276"]
[BlackElo "1603"]
[PlyCount "88"]
[EventDate "2008.05.10"]

1. e4 e5 2. Nf3 Nc6 3. d4 exd4 4. Nxd4 Bc5 5. Nb3 Bb6 6. a4 a6 7. Nc3 d6 8. Bc4
Nf6 9. Bg5 O-O 10. O-O Re8 11. Re1 Ne5 12. Bd3 Neg4 13. Be3 Nxe3 14. fxe3 Be6
15. Nd4 Bg4 16. Nf3 Nd7 17. Bc4 Ne5 18. Be2 Bxe3+ 19. Kh1 Nxf3 20. Bxf3 Bxf3
21. Qxf3 Bd2 22. Re2 Bxc3 23. Qxc3 Re5 24. Rf1 Qe7 25. Rf4 Re8 26. Qg3 Rg5 27.
Rg4 Rxg4 28. Qxg4 Qe6 29. Qf3 h6 30. h3 b6 31. b3 f5 32. Qc3 c5 33. Qd3 c4 34.
bxc4 fxe4 35. Qd4 Kh8 36. Re3 Kh7 37. Rg3 Qe5 38. Qe3 Qc5 39. Qc3 Re5 40. Kh2
e3 41. Qe1 e2 42. Kh1 Qxc4 43. c3 Qb3 44. Rf3 Qd1 0-1

[Event "aut_ychb12_2008"]
[Site "Wien - JGH Brigittenau"]
[Date "2008.05.12"]
[Round "5.7"]
[White "Froehlich, Andreas"]
[Black "Schamberger, Maximilian"]
[Result "1-0"]
[WhiteElo "1393"]
[BlackElo "1391"]
[PlyCount "47"]
[EventDate "2008.05.10"]

1. e4 c5 2. Nf3 d6 3. c3 e6 4. d4 cxd4 5. cxd4 Nf6 6. Nc3 Be7 7. Be2 O-O 8. O-O
Nbd7 9. Be3 b6 10. Qc2 Bb7 11. e5 Nd5 12. Rac1 Rc8 13. Qd2 Nxc3 14. Rxc3 Bxf3
15. Bxf3 dxe5 16. Rfc1 Rxc3 17. Qxc3 exd4 18. Bxd4 Bf6 19. Rd1 h6 20. Bxf6 gxf6
21. Qc6 Nb8 22. Rxd8 Nxc6 23. Rxf8+ Kxf8 24. Bxc6 1-0

[Event "aut_ychb12_2008"]
[Site "Wien - JGH Brigittenau"]
[Date "2008.05.12"]
[Round "5.8"]
[White "Leonhartsberger, Simon"]
[Black "Nussbaumer, Laslo"]
[Result "1-0"]
[WhiteElo "1342"]
[BlackElo "1248"]
[PlyCount "47"]
[EventDate "2008.05.10"]

1. Nf3 d5 2. e4 dxe4 3. Ng5 e5 4. Nxe4 f5 5. Ng3 Be6 6. Nc3 Nf6 7. b3 Bb4 8.
Bb2 Nbd7 9. Qf3 e4 10. Qe3 Bc5 11. d4 exd3 12. Qxe6+ Qe7 13. Qxe7+ Bxe7 14.
Bxd3 g6 15. O-O-O O-O 16. Nce2 Rfe8 17. h4 Ng4 18. Bc4+ Kf8 19. Rxd7 Nxf2 20.
Rf1 Ng4 21. Nxf5 gxf5 22. Rxf5+ Nf6 23. Bxf6 Bxf6 24. Rxf6# 1-0

[Event "aut_ychb12_2008"]
[Site "Wien - JGH Brigittenau"]
[Date "2008.05.12"]
[Round "5.9"]
[White "Wieland, Thomas"]
[Black "Kreiner, Stefan"]
[Result "1-0"]
[WhiteElo "1346"]
[BlackElo "1444"]
[PlyCount "95"]
[EventDate "2008.05.10"]

1. e4 e5 2. Nf3 Nc6 3. Bc4 Bc5 4. b4 Bxb4 5. c3 Ba5 6. d4 exd4 7. O-O d6 8. Qb3
Qe7 9. cxd4 Bb6 10. e5 Na5 11. Qb4 Nxc4 12. Qxc4 Be6 13. d5 Bd7 14. exd6 Qxd6
15. Ba3 Qf6 16. Re1+ Kd8 17. Nbd2 a6 18. Rac1 Bb5 19. Qc2 Kc8 20. d6 c6 21.
Re8+ Bd8 22. Rce1 Kb8 23. Rf8 Ka7 24. Ree8 c5 25. Bxc5+ b6 26. Ba3 Bxe8 27.
Rxe8 Qg6 28. Qxg6 hxg6 29. Ne5 Rh5 30. Nc6+ Kb7 31. Nxd8+ Kc8 32. Rxg8 Kd7 33.
Rxg7 Rxd8 34. Rxf7+ Kc6 35. Nf3 Ra5 36. Bb4 Rb5 37. Nd4+ Kd5 38. Nxb5 Kc4 39.
Bd2 Kxb5 40. Bf4 Re8 41. f3 Kc6 42. Kf2 b5 43. Kg3 a5 44. Bg5 Kxd6 45. Kf4 a4
46. a3 Re2 47. Kg3 Re5 48. Bf4 1-0

[Event "aut_ychb12_2008"]
[Site "Wien - JGH Brigittenau"]
[Date "2008.05.12"]
[Round "5.10"]
[White "Nagler, Wachtang"]
[Black "Liao, Kenny"]
[Result "1/2-1/2"]
[WhiteElo "1544"]
[BlackElo "1421"]
[PlyCount "47"]
[EventDate "2008.05.10"]

1. e4 e5 2. Nf3 Nc6 3. Nc3 Nf6 4. Bb5 d6 5. O-O Bd7 6. d3 g6 7. Bg5 Bg7 8. Nd5
O-O 9. Nxf6+ Bxf6 10. Bxf6 Qxf6 11. a4 Rab8 12. c4 a6 13. Bxc6 bxc6 14. b3 Rb7
15. Rb1 Rfb8 16. h3 c5 17. Qc2 Kg7 18. Kh1 Rxb3 19. Qa2 R3b4 20. a5 Bxh3 21.
Rxb4 Rxb4 22. Rb1 Bg4 23. Nh2 Bd7 24. Rf1 1/2-1/2

[Event "aut_ychb12_2008"]
[Site "Wien - JGH Brigittenau"]
[Date "2008.05.12"]
[Round "6.1"]
[White "Menezes, Christoph"]
[Black "Penz, Florian"]
[Result "1-0"]
[WhiteElo "1776"]
[BlackElo "1608"]
[PlyCount "61"]
[EventDate "2008.05.10"]

1. d4 d5 2. c4 dxc4 3. Nf3 Nf6 4. e3 e6 5. Bxc4 c5 6. O-O cxd4 7. exd4 a6 8. a4
Be7 9. Nc3 O-O 10. Bg5 Nc6 11. Qd2 Qb6 12. Rad1 Rd8 13. Bxf6 Bxf6 14. d5 Bxc3
15. Qxc3 exd5 16. Bxd5 Bg4 17. Bxf7+ Kxf7 18. Qc4+ Kf8 19. Qxg4 Qb4 20. Rxd8+
Rxd8 21. Qf5+ Kg8 22. Qe6+ Kf8 23. Ng5 Qe7 24. Nxh7+ Ke8 25. Qg6+ Kd7 26. Ng5
Qf6 27. Qxf6 gxf6 28. Rd1+ Ke7 29. Rxd8 Kxd8 30. Ne4 Ke7 31. h4 1-0

[Event "aut_ychb12_2008"]
[Site "Wien - JGH Brigittenau"]
[Date "2008.05.12"]
[Round "6.2"]
[White "Kessler, Luca"]
[Black "Sauer, Jakob"]
[Result "1/2-1/2"]
[WhiteElo "1827"]
[BlackElo "1611"]
[PlyCount "115"]
[EventDate "2008.05.10"]

1. e4 c5 2. Nc3 Nc6 3. g3 g6 4. d3 Bg7 5. Be3 d6 6. Qd2 a6 7. Bg2 Nf6 8. Bh6
O-O 9. h4 Nd4 10. O-O-O Bxh6 11. Qxh6 Ng4 12. Qd2 h5 13. f3 Nf6 14. Nd5 Nxd5
15. exd5 Kg7 16. c3 Nb5 17. Ne2 Qa5 18. Kb1 Nc7 19. g4 Rh8 20. Ng3 hxg4 21. h5
Bd7 22. h6+ Kh7 23. Ne4 f6 24. fxg4 b5 25. Qf2 Rhf8 26. Rde1 Rae8 27. Nxc5 dxc5
28. Qxc5 Nxd5 29. Bxd5 Qd8 30. Bf3 Bc8 31. Kc2 Qd6 32. Qe3 Bd7 33. Rhg1 Bc6 34.
Bxc6 Qxc6 35. g5 Qd6 36. Kb1 e5 37. gxf6 Rxf6 38. Rgf1 Rxf1 39. Rxf1 Qe6 40.
Qg5 Qd7 41. Kc2 Rd8 42. Qe3 Qe6 43. Re1 Qd5 44. d4 Qxa2 45. Qxe5 Qf7 46. Qe7
Qxe7 47. Rxe7+ Kxh6 48. Ra7 Rd6 49. Kd3 Kg5 50. c4 bxc4+ 51. Kxc4 Kf6 52. Kc5
Ke6 53. Rg7 Rd5+ 54. Kc4 Rg5 55. b4 Rg1 56. Ra7 Rc1+ 57. Kd3 Rc6 58. Ke4
1/2-1/2

[Event "aut_ychb12_2008"]
[Site "Wien - JGH Brigittenau"]
[Date "2008.05.12"]
[Round "6.3"]
[White "Gassner, Mathias"]
[Black "Huber, Martin Christian"]
[Result "1/2-1/2"]
[WhiteElo "1481"]
[BlackElo "1686"]
[PlyCount "122"]
[EventDate "2008.05.10"]

1. c4 c5 2. Nc3 Nc6 3. g3 b6 4. Bg2 Bb7 5. Nf3 e6 6. O-O Nf6 7. e3 Be7 8. d4
cxd4 9. exd4 d5 10. b3 O-O 11. Bb2 Rc8 12. Rc1 Ba6 13. Nb5 dxc4 14. bxc4 Bxb5
15. cxb5 Nb4 16. a3 Rxc1 17. Bxc1 Nbd5 18. Qd3 Qc7 19. Bb2 Rd8 20. Ne5 Qb7 21.
Nc6 Rc8 22. Rc1 Qd7 23. h3 a6 24. Nxe7+ Nxe7 25. Rxc8+ Nxc8 26. bxa6 b5 27. Bc3
Nd6 28. Bb4 Nfe8 29. Qc3 Nc4 30. Bf1 Qc6 31. a7 Qa6 32. a8=Q Qxa8 33. Bxc4 bxc4
34. Qxc4 h6 35. Qc5 Nf6 36. Qa5 Qxa5 37. Bxa5 Kf8 38. Kf1 Ke7 39. Ke2 Kd6 40.
Bb4+ Kd5 41. Bc5 Nd7 42. Ke3 f5 43. a4 g5 44. a5 Nb8 45. f4 g4 46. hxg4 fxg4
47. Bf8 h5 48. Bg7 Na6 49. Be5 Nb4 50. f5 exf5 51. Kf4 Ke6 52. Kg5 Na6 53. Kxh5
Nb4 54. Kg5 Na6 55. Kf4 Nb4 56. Ke3 Kd5 57. Kf4 Ke6 58. a6 Nxa6 59. d5+ Kxd5
60. Kxf5 Nc5 61. Bf4 Ne4 1/2-1/2

[Event "aut_ychb12_2008"]
[Site "Wien - JGH Brigittenau"]
[Date "2008.05.12"]
[Round "6.4"]
[White "Hofer, Emilian"]
[Black "Guetz, Wolfgang"]
[Result "0-1"]
[WhiteElo "1603"]
[BlackElo "1443"]
[PlyCount "72"]
[EventDate "2008.05.10"]

1. e4 d5 2. exd5 Nf6 3. d4 Nxd5 4. c4 Nb6 5. Nc3 Bf5 6. Nf3 e6 7. Be3 Nc6 8. a3
Be7 9. Be2 O-O 10. O-O Bf6 11. h3 Qe7 12. Qb3 Rab8 13. Rad1 Rfd8 14. Rfe1 a6
15. Bf1 Na5 16. Qa2 Bc2 17. Rc1 Bb3 18. Qb1 Naxc4 19. d5 Nxe3 20. Rxe3 Bxd5 21.
Nxd5 Nxd5 22. Ree1 Bg5 23. Rcd1 b5 24. Bd3 h6 25. Be4 Nf6 26. Nxg5 hxg5 27. Bf3
b4 28. axb4 Qxb4 29. Be2 a5 30. g3 Rd2 31. Rxd2 Qxd2 32. b3 Rxb3 33. Qxb3 Qxe1+
34. Bf1 Ne4 35. Qb2 Nd2 36. Qb5 Qxf1+ 0-1